00249nam a22000857a 4500008004100000082002200041245005500063260003400118300001100152230627b xxu||||| |||| 00| 0 eng d a338.888bNGU 1978 aReadings on the Multinational Corporation in Kenya bOxford University Pressc1978 aX,315p